| 000 | 00954nam a2200229 a 4500 | ||
|---|---|---|---|
| 001 | 000551335 | ||
| 003 | AM-YEHGA | ||
| 005 | 20250618073129.0 | ||
| 008 | 070925s2007 ai |||||||||||||||0|arm|d | ||
| 020 | _a9789994178094 | ||
| 040 | _aAM-YeHGA | ||
| 041 | 0 | _aarm | |
| 100 | 1 |
_aԿարայան, Ռոբերտ Մուշեղի, _d1937-2015 _91952 |
|
| 245 | 1 | 0 |
_aԱչք պահել վանքին, ոչ թե թվանքին : _bԻմաստախոս մանրաքանդակներ / _cՌ. Կարայան ; Առաջաբ.՝ Ս. Արզումանյան ; Խմբ.՝ Շ. Գրիգորյան. |
| 260 |
_aԵրևան : _bԻրավունք, _c2007. |
||
| 300 |
_a144 էջ ; _c18 սմ. |
||
| 650 | 1 | 4 | _aՀայ գրականություն |
| 700 | 1 |
_aԱրզումանյան, Սևակ Հարությունի, _d1929-2004 _eառաջաբ. _4aui _9981 |
|
| 700 | 1 |
_aԳրիգորյան, Շավիղ Սուրենի, _d1922-2012 _eխմբ. _4edt _93266 |
|
| 942 |
_2udc _cBK |
||
| 090 | _c213678 | ||
| 999 |
_c212165 _d212165 |
||